000 00676cab a2200241 4500
001 WB3206-37
008 090401t1996 xxu||||| |||| 00| 0 eng d
035 _a(Sirsi) u21252
041 _aeng
245 _aHighway robbery
260 _c1996
350 _a0
490 _aTimes
_v3 February 1996, 2.31(1)
520 _aThe Association of British Insurers (ABI) claims that people who live close to motorways are more likely to be burgled.
650 _aCRIME
650 _aDOMESTIC BURGLARIES
650 _aMOTORWAYS
650 _aRESIDENTIAL PROPERTY
_96266
690 _aECONOMIC AND SOCIAL
690 _aINSURANCE
_96249
942 _n0
948 _c04/03/1997
999 _c14268
_d14268